00489 2200169 4500245006100000020002200061250001100083100002500094650001000119650002100129005001900150260009700169041001400266084001000280300002000290336000900310 aKabar dan Kisah dari NunukancNi Made Purnama SarihText a978-602-437-354-2 aCet. 1 aNi Made Purnama Sari aEbook aSastra Indonesia a20241105090722 aJakartabBadan Pengembangan dan Pembinaan Bahasa Kementerian Pendidikan dan Kebudayaanc2017 aIndonesia aMAD k a132 Hlm. :cPDF atext